UM Logo

Examining the racial attitudes of white pre-k-12 educators / (Record no. 21149)

MARC details
000 -LEADER
fixed length control field 00736nam a22001697a 4500
005 - DATE AND TIME OF LATEST TRANSACTION
control field 20250829092643.0
008 - FIXED-LENGTH DATA ELEMENTS--GENERAL INFORMATION
fixed length control field 240902b ||||| |||| 00| 0 eng d
082 ## - DEWEY DECIMAL CLASSIFICATION NUMBER
Classification number DPer 372.05 El262 September-December 2019 v. 120 n. 1-2
100 ## - MAIN ENTRY--PERSONAL NAME
Personal name Quinn, David M.
Relator term author.
9 (RLIN) 59709
245 ## - TITLE STATEMENT
Title Examining the racial attitudes of white pre-k-12 educators /
Statement of responsibility, etc. David M. Quinn, and Ashley M. Stewart.
260 ## - PUBLICATION, DISTRIBUTION, ETC. (IMPRINT)
Place of publication, distribution, etc. Goldenrey ;
Name of publisher, distributor, etc. Direct Marketing Inc. ,
Date of publication, distribution, etc. December 2019.
300 ## - PHYSICAL DESCRIPTION
Extent volume 120, pages 272-299 :
Other physical details illustration ;
Dimensions 26 cm.
500 ## - GENERAL NOTE
General note The elementary school journal, vol. 120, no. 2, pages 272-299, December 2019.
700 ## - ADDED ENTRY--PERSONAL NAME
Personal name Quinn, David M.
Relator term author.
9 (RLIN) 59709
700 ## - ADDED ENTRY--PERSONAL NAME
Personal name Stewart, Ashley M.
Relator term author.
9 (RLIN) 59710
942 ## - ADDED ENTRY ELEMENTS (KOHA)
Source of classification or shelving scheme Dewey Decimal Classification
Koha item type Periodicals
Holdings
Withdrawn status Lost status Source of classification or shelving scheme Damaged status Not for loan Collection code Home library Current library Date acquired Total Checkouts Full call number Date last seen Price effective from Koha item type Public note
    Dewey Decimal Classification     Periodicals UM Digos College - LIC UM Digos College - LIC 09/02/2024   DPer 372.05 El262 September-December 2019 v. 120 n. 1-2 09/02/2024 09/02/2024 Periodicals Periodical Article